Asia Puzzle - Statistics

General Stats
  • This quiz has been taken 97 times
  • The average score is 34 of 42
Answer Stats
Hint Answer % Correct
Nepal
98%
Countries that share the world's tallest mountain Nepal
98%
China
94%
Countries that share the world's second tallest mountain China
94%
Countries that only border India and China Bhutan
91%
India
90%
Countries that start with "ind" India
90%
Afghanistan
88%
Only 2 countries in the world which start with "a" but do not end on "a" Afghanistan
88%
Iran
88%
Countries that start with "ira" Iran
88%
Iraq
88%
Countries that have the most Kurdish people Iraq
88%
Azerbaijan
86%
Countries in the Nagorno-Karabakh war Azerbaijan
86%
Indonesia
85%
Countries that end in "sia" Indonesia
85%
Pakistan
84%
Countries where Taliban is based Pakistan
84%
Saudi Arabia
84%
Countries with an area over 2,000,000km2 but less than 2,800,000km2 Saudi Arabia
84%
Armenia
83%
Countries that border and are on the Armenian side in Nagorno-Karabakh Armenia
83%
Turkey
80%
Countries over 180,000 km that border the Medditerranean Sea Turkey
80%
Thailand
79%
Most populous countries in Indochina Thailand
79%
Oman
76%
Countries that border the UAE Oman
76%
Malaysia
75%
Countries that have a border south of Phuket but north of Kuala Lumpur Malaysia
75%
Syria
75%
Countries with current civil wars Syria
75%
Laos
74%
Countries squashed between the most populous countries in Indochina Laos
74%
Vietnam
74%
Countries that share a 2,161km long border Vietnam
74%
Yemen
70%
Countries that border the Indian Ocean directly Yemen
70%
Cambodia
69%
Kazakhstan
64%
Countries with an area over 2,600,000km2 but less than 4,000,000km2 Kazakhstan
64%
No matching quizzes found
Score Distribution
Percent of People with Each Score
Percentile by Number Answered
Your Score History
You have not taken this quiz